000 00616nam a2200181 i 4500
001 49446
003 ES-MaACL
005 20230906161950.0
007 t|
008 030716s1977 sp ||||1| spa d
100 0 _aCoseriu, Eugenio,
_d1921-2022
_940992
245 1 3 _aEl hombre y su lenguaje
_b: estudios de teoría y metodología lingüística /
_cEugenio Coseriu ; [traducidos por Marcos Martínez Hernández].
260 _aMadrid :
_bGredos,
_c[1977]
300 _a267 p. ;
_c20 cm.
700 1 _aMartínez Hernández, Marcos.
_978149
852 _aES-MaACL
_jA-8528
_bR.97056
999 _c49446
_d49446